000 00709 a2200205 4500
010 _aENG-88822
020 _c360.00
035 _aEN-72355
037 _bDBAD / PUB
082 1 4 _a546
090 _c9487
_d9487
100 _aJoshi, Deepak
245 1 _aDisha's inorganic chemistry /
_cby Deepak Joshi
260 _aNew Delhi
_bDisha Publications
_c2008
270 _aB-32, Basemant, Shivalik Main Road, Malviya Nagar,
_bNew Delhi
_e110 017
_maiets@rediffmail.com
_k011-26691021, 011-26691713
300 _a532p.
_c25cm (pbk)
500 _aIncludes 44 technique cards
942 _adpl
_cEN
_k546/ JOS
999 _c9313
_d9313